000 00785cam a2200277 4500
001 J87888
008 090401t1997 xxu||||| |||| 00| 0 eng d
020 _a0860224740
035 _a(Sirsi) u82269
041 _aeng
050 _a696
100 _aParsloe, C.
245 _aAllocation of design responsibilities for building engineering services.
250 _aRevised ed.
260 _aBracknell, Berks.
_bBSRIA
_c1997
300 _a49p. ; 30cm.
350 _a40
490 _aTechnical Note
_vTN21/97
650 _aBUILDING ENGINEERING SERVICES
650 _aBlock management
_96220
650 _aDESIGN RESPONSIBILITIES
690 _aBlock management
_96220
710 _aBuilding Services Research and Information Association
942 _n0
948 _c21/11/1997
999 _c96773
_d96773